Global financial deregulation : Commercial banking at the crossroads

Αποθηκεύτηκε σε:
Λεπτομέρειες βιβλιογραφικής εγγραφής
Κύριος συγγραφέας: Swary, Itzhak 1946-
Άλλοι συγγραφείς: Topf, Barry
Μορφή: Βιβλίο
Γλώσσα:English
Δημοσίευση: Cambridge : Blackwell, 1992
Θέματα:
Ετικέτες: Προσθήκη ετικέτας
Δεν υπάρχουν, Καταχωρήστε ετικέτα πρώτοι!

MARC

LEADER 00000nam a2200000 i 4500
001 1/50937
008 960424s1992 eng d
020 |a 0-631-18188-1 
035 |l 10027088 
040 |a GR-MY-UA  |b gre  |e aacr 
041 0 |a eng 
082 0 |a 332.12 
100 1 |a Swary, Itzhak  |d 1946- 
245 1 0 |a Global financial deregulation :  |b Commercial banking at the crossroads /  |c Itzhak Swary, Barry Topf 
260 |a Cambridge :   |b Blackwell,   |c 1992 
300 |a 510 p. 
500 |a Includes index 
650 0 0 |a Banks and banking, International. 
650 0 0 |a Financial services industry. 
700 1 |a Topf, Barry. 
852 |a INST  |b CHIOS  |e 19960424  |h 332.12 SWA  |p 005200003404  |q 005200003404  |t BK  |y 0 
909 |a Χ  |b 027175